Análisis de las estrategias de solución para problemas aditivos (Record no. 62386)

MARC details
000 -CABECERA
campo de control de longitud fija 00570nam a2200193 a 4500
005 - FECHA Y HORA DE LA ÚLTIMA TRANSACCIÓN
campo de control 20210219152850.0
008 - ELEMENTOS DE LONGITUD FIJA--INFORMACIÓN GENERAL
campo de control de longitud fija 991125n 000 0 spa u
035 ## - NÚMERO DE CONTROL DEL SISTEMA
Número de control de sistema UPN01000064031
100 ## - ASIENTO PRINCIPAL--NOMBRE PERSONAL
Nombre de persona GUERRERO REYES, Adela
222 ## - TÍTULO CLAVE
Título clave REVISTA DE LA UNIVERSIDAD PEDAGOGICA NACIONAL
245 ## - MENCIÓN DE TÍTULO
Título Análisis de las estrategias de solución para problemas aditivos
300 ## - DESCRIPCIÓN FÍSICA
Extensión 37-42
362 ## - FECHAS DE PUBLICACIÓN Y/O DESIGNACIÓN SECUENCIAL
Fecha de publicación y/o designación secuencial 1991 Vol. 7, no. 21, ene.-jun.
650 #4 - ASIENTO SECUNDARIO DE MATERIA - TERMINO TEMATICO
Término de materia o nombre geográfico como elemento de entrada ARITMÉTICA
653 0# - TERMINO DE INDIZACION - NO CONTROLADO
Término no controlado NUMEROS
653 0# - TERMINO DE INDIZACION - NO CONTROLADO
Término no controlado PROCESO ENSEÑANZA-APRENDIZAJE
904 ## - ELEMENTOS DE DATOS D LOCAL, LDD (RLIN)
a AC
b 001842
905 ## - TIPO DE MATERIAL
Tipo de material Articulo

No items available.